| 000 | 01466nam a2200229 a 4500 | ||
|---|---|---|---|
| 090 |
_aIAVH _b00765 CD-1 |
||
| 041 | _aspa | ||
| 100 |
_aCamacho Rojas, Adisedit _92021 |
||
| 245 | _aPlan de acción para la incorporación de consideraciones de Biodiversidad en la política sectorial de transporte | ||
| 260 |
_aBogotá _bInstituto Alexander von Humboldt _c2005 |
||
| 300 | _a144 p. | ||
| 520 | _aSe analiza la formulación de políticas en sectores productivos y el impacto positivo o negativo de su implementación sobre la biodiversidad colombiana. En el documento se presenta un diagnóstico seguido de una propuesta de uso de una metodología de medición que puede ser aplicada al sector teniendo en cuenta que la biodiversidad no es un mercado en el sentido económico estricto. Se analiza el contexto económico internacional en el cual se encuentra inmerso el devenir político y económico del país. Finalmente, se presenta la propuesta de Plan de Acción con algunos instrumentos, actores involucrados y recomendaciones para su puesta en marcha. | ||
| 650 |
_aBiodiversidad _992204 |
||
| 650 |
_aSector Transporte _95748 |
||
| 650 |
_aPolítica Sectorial _95713 |
||
| 650 |
_aDesarrollo Sostenible _9278 |
||
| 650 |
_aPlanes de Acción _9168 |
||
| 650 |
_aLegislación _992426 |
||
| 662 |
_aColombia _cAndes |
||
| 945 | _d2007-07-31 | ||
| 773 | 0 |
_05986 _99704 _a _b _dBogotá Informatica documental 2007 _o024802 _tInformes de investigaciones IAVH en PDF _w _x _z |
|
| 999 |
_c5996 _d5996 |
||